000
00266nam a2200109Ia 4500
008
230907s9999||||xx |||||||||||||| ||und||
082
_a
363.7,HOU
100
_a
Hough, Peter,
_9
115247
245
0
_a
Environmental security :
300
_a
xv, 158 pages ;
942
_c
BK
999
_c
597935
_d
597935